Multiple Choice City Quiz – Trabzon - Statistics

General Stats
  • This quiz has been taken 20 times
    19 since last reset
  • The average score is 8 of 10
Answer Stats
Question Answer % Correct
Which sea borders Trabzon to the north? Black Sea
100%
What is the historical name of Trabzon during the Byzantine era? Trebizond
94%
Trabzon is famous for which type of tea? Black tea
82%
Which religion is the Sumela Monastery associated with? Christianity
82%
Which foreign country lies closest to Trabzon? Georgia
82%
Which edible nut is Trabzon particularly known for producing? Hazelnut
82%
Which hill in Trabzon offers panoramic views of the city? Boztepe Hill
76%
Trabzonspor’s main colours are? Claret and blue
76%
Which traditional dance is performed in Trabzon? Horon
71%
Which notable Ottoman figure was born in Trabzon? Suleiman the Magnificent
47%
No matching quizzes found
Score Distribution
Percent of People with Each Score
Percentile by Number Answered
Your Score History
You have not taken this quiz since the last reset